El Brasil lulista: una hegemonía al revés.
Dando cuenta de un panorama poco halagueño para los movimientos e iniciativas de transformación, el sociólogo y político brasileño Francisco "Chico" de Oliveira repasa los rasgos del expresidente Luiz Inácio da Silva, el viraje ideológico del Partido dos trabalhadores (PT) antes y durante...
Gardado en:
| Autor Principal: | |
|---|---|
| Outros autores: | |
| Formato: | Texto |
| Materias: | |
| Etiquetas: |
Engadir etiqueta
Sen Etiquetas, Sexa o primeiro en etiquetar este rexistro!
|
MARC
| LEADER | 00000 a a2200000 04500 | ||
|---|---|---|---|
| 001 | 45140 | ||
| 003 | |||
| 040 | |||
| 090 | |a REV1426 12(30) 2012 | ||
| 100 | |a Modonesi, Massimo | ||
| 245 | |a El Brasil lulista: |b una hegemonía al revés. |b Entrevista a Francisco "Chico de Oliveira" / |c Massimo Modonesi | ||
| 520 | |a Dando cuenta de un panorama poco halagueño para los movimientos e iniciativas de transformación, el sociólogo y político brasileño Francisco "Chico" de Oliveira repasa los rasgos del expresidente Luiz Inácio da Silva, el viraje ideológico del Partido dos trabalhadores (PT) antes y durante su gobierno, el impacto del neoliberalismo y de las políticas del PT en la formación de "conciencia de clase", entre otras cosas. | ||
| 590 | |a RRH/AGOSTO2013 | ||
| 650 | |a NEOLIBERALISMO | ||
| 650 | |a ESTADO | ||
| 650 | |a PARTIDOS POLITICOS | ||
| 650 | |a POLITICA | ||
| 650 | |a ENTREVISTAS | ||
| 650 | |a BRASIL | ||
| 700 | |a Oliveira,Francisco | ||
| 773 | |g volumen12, número30 (2011), páginas 67-75 | ||
| 999 | |c 24884 |d 24884 | ||
